|
|
|
|
| LEADER |
01875nam a2200505 i 4500 |
| 001 |
nkc20172883077 |
| 003 |
CZ PrNK |
| 005 |
20170331103314.0 |
| 007 |
ta |
| 008 |
170228s2017 xr a e p 000 0 eng |
| 015 |
|
|
|a cnb002883077
|
| 020 |
|
|
|a 978-80-01-06099-5
|q (brožováno)
|
| 035 |
|
|
|a (OCoLC)982100467
|
| 040 |
|
|
|a OLA001
|b cze
|e rda
|
| 072 |
|
7 |
|a 53
|x Fyzika
|2 Konspekt
|9 6
|
| 072 |
|
7 |
|a 37.016
|x Učební osnovy. Vyučovací předměty. Učebnice
|2 Konspekt
|9 22
|
| 080 |
|
|
|a 53
|2 MRF
|
| 080 |
|
|
|a 53.08
|2 MRF
|
| 080 |
|
|
|a (075.8)
|2 MRF
|
| 080 |
|
|
|a (076.5)
|2 MRF
|
| 100 |
1 |
|
|a Veselá, Eva,
|d 1942-
|7 ntka174306
|4 aut
|
| 245 |
1 |
0 |
|a Handbook of laboratory experiments in physics /
|c Eva Veselá, Václav Vacek
|
| 250 |
|
|
|a 3. vydání
|
| 264 |
|
1 |
|a V Praze :
|b České vysoké učení technické,
|c 2017
|
| 300 |
|
|
|a 169 stran :
|b ilustrace ;
|c 30 cm
|
| 336 |
|
|
|a text
|b txt
|2 rdacontent
|
| 337 |
|
|
|a bez média
|b n
|2 rdamedia
|
| 338 |
|
|
|a svazek
|b nc
|2 rdacarrier
|
| 500 |
|
|
|a Na obálce pod názvem: Fakulta strojní ČVUT v Praze
|
| 650 |
0 |
7 |
|a fyzika
|7 ph114601
|x úlohy
|2 czenas
|
| 650 |
0 |
7 |
|a fyzikální měření
|7 ph120439
|2 czenas
|
| 650 |
0 |
9 |
|a physics
|x problems, exercises, etc
|2 eczenas
|
| 650 |
0 |
9 |
|a physical measurements
|2 eczenas
|
| 655 |
|
7 |
|a učebnice vysokých škol
|7 fd133772
|2 czenas
|
| 655 |
|
7 |
|a laboratorní cvičení
|7 fd163936
|2 czenas
|
| 655 |
|
9 |
|a textbooks (higher)
|2 eczenas
|
| 655 |
|
9 |
|a laboratory manuals
|2 eczenas
|
| 700 |
1 |
|
|a Vacek, Václav,
|d 1948-
|7 ntka174241
|4 aut
|
| 710 |
2 |
|
|a České vysoké učení technické v Praze.
|b Strojní fakulta
|7 ko20010093670
|4 isb
|
| 910 |
2 |
|
|a BOA001
|b 4-1386.015
|
| 928 |
9 |
|
|a České vysoké učení technické v Praze
|
| 990 |
|
|
|a BK
|
| 995 |
|
|
|a 01
|
| 991 |
|
|
|b 201703
|c NOV
|
| 996 |
6 |
|
|b 2610699989
|c 4-1386.015
|l MZK
|r Sklad / do 1 hodiny
|n 0
|p p.v.
|w 001602062
|u 000010
|a 1
|e BOA001
|j MZK50
|s P
|